[Event "Barcelona 150 aniversity 5"]
[Site "Barcelona"]
[Date "2019.04.26"]
[Round "1.5"]
[White "Buisan Arnau, Oriol"]
[Black "Abreu Sanchez, Leonel Jesus"]
[Result "0-1"]
[WhiteElo "1663"]
[BlackElo "1736"]
[PlyCount "82"]
[EventDate "2019.04.26"]
[EventType "swiss"]
[EventRounds "9"]
[EventCountry "ESP"]
[SourceTitle "EXT 2024"]
[Source "ChessBase"]
[SourceDate "2023.10.10"]
[SourceVersion "1"]
[SourceVersionDate "2023.10.10"]
[SourceQuality "1"]

1. e4 e5 2. Nf3 Nf6 3. Nxe5 d6 4. Nf3 Nxe4 5. Nc3 Nxc3 6. dxc3 Be7 7. Be3 Nc6 8. Bd3 Be6 9. h3 Qd7 10. Qd2 Ne5 11. Nxe5 dxe5 12. Be2 Bd5 13. 0-0 Qc6 14. f3 Rd8 15. Qe1 0-0 16. Bd3 f5 17. Bf2 e4 18. fxe4 fxe4 19. Be2 Qg6 20. Be3 Rxf1+ 21. Bxf1 Rf8 22. Rd1 Bc6 23. Be2 Kh8 24. Qd2 Rd8 25. Qe1 Bd7 26. Kh1 Bd6 27. Qh4 Rf8 28. Bh5 Qf5 29. Bg4 Qe5 30. Bg1 Bc6 31. Be2 h6 32. Rf1 Rxf1 33. Bxf1 Kh7 34. Qf2 b6 35. Qd4 Qh5 36. Bh2 Bc5 37. Qe5 Qf7 38. Qf4 Qg6 39. Qxc7 e3 40. Qg3 Qxc2 41. Qf4 Be4 0-1

[Event "Barcelona Sant Marti op-B 17th"]
[Site "Barcelona"]
[Date "2015.07.20"]
[Round "8"]
[White "Buisan Arnau, Oriol"]
[Black "Pascual Duran, Pau"]
[Result "0-1"]
[WhiteElo "1756"]
[BlackElo "1897"]
[PlyCount "58"]
[EventDate "2015.07.13"]
[EventType "swiss"]
[EventRounds "9"]
[EventCountry "ESP"]
[SourceTitle "EXT 2016"]
[Source "ChessBase"]
[SourceDate "2015.10.08"]
[SourceVersion "1"]
[SourceVersionDate "2015.10.08"]
[SourceQuality "1"]

1. e4 d6 2. d4 Nf6 3. Nc3 g6 4. Bg5 Bg7 5. f4 0-0 6. e5 dxe5 7. fxe5 Ne8 8. Qd2 c6 9. Nf3 Bg4 10. 0-0-0 Nc7 11. h3 Be6 12. Bh6 b5 13. Bxg7 Kxg7 14. b3 a5 15. Be2 b4 16. Na4 Nba6 17. h4 h5 18. Ng5 Qd7 19. Nb6 Qd8 20. Nxa8 Qxa8 21. Nxe6+ Nxe6 22. Bc4 Nac7 23. g4 Rh8 24. gxh5 Rxh5 25. Be2 Rh8 26. Rdg1 Nd5 27. Kb2 a4 28. Bc4 axb3 29. axb3 Qa3+ 0-1

[Event "Barcelona Sant Marti op-B 17th"]
[Site "Barcelona"]
[Date "2015.07.18"]
[Round "6"]
[White "Buisan Arnau, Oriol"]
[Black "Grasa Solanas, Oscar"]
[Result "1/2-1/2"]
[WhiteElo "1756"]
[BlackElo "1682"]
[PlyCount "65"]
[EventDate "2015.07.13"]
[EventType "swiss"]
[EventRounds "9"]
[EventCountry "ESP"]
[SourceTitle "EXT 2016"]
[Source "ChessBase"]
[SourceDate "2015.10.08"]
[SourceVersion "1"]
[SourceVersionDate "2015.10.08"]
[SourceQuality "1"]

1. e4 c5 2. Nf3 Nc6 3. d4 cxd4 4. Nxd4 a6 5. Be3 d6 6. Nc3 Nf6 7. f3 e6 8. Bc4 Be7 9. Qd2 0-0 10. 0-0 Na5 11. Bd3 Bd7 12. Nb3 Rc8 13. Qf2 Nc4 14. Bxc4 Rxc4 15. a3 b5 16. Bb6 Qb8 17. Ba7 Qa8 18. Na5 Rcc8 19. Rfd1 Ne8 20. Rd3 Bd8 21. Bb6 Bf6 22. Bd4 Bxd4 23. Qxd4 Qb8 24. Rad1 Qc7 25. b4 Qb8 26. R1d2 Rc7 27. Qe3 Qc8 28. Nb3 Rc4 29. Na5 Rc7 30. Kf1 Bc6 31. Qb6 Bd7 32. Qe3 f6 33. Ke1 1/2-1/2

[Event "Barcelona U2000 op"]
[Site "Barcelona"]
[Date "2013.06.23"]
[Round "4.10"]
[White "Aprea, Daniele"]
[Black "Buisan Arnau, Oriol"]
[Result "1-0"]
[WhiteElo "1945"]
[BlackElo "1652"]
[PlyCount "44"]
[EventDate "2013.06.22"]
[EventType "swiss"]
[EventRounds "7"]
[EventCountry "ESP"]
[SourceTitle "EXT 2024"]
[Source "ChessBase"]
[SourceDate "2023.10.10"]
[SourceVersion "1"]
[SourceVersionDate "2023.10.10"]
[SourceQuality "1"]

1. d4 f5 2. Nc3 Nf6 3. Bg5 e6 4. e4 fxe4 5. Nxe4 Be7 6. Bxf6 Bxf6 7. Nf3 0-0 8. Bd3 Nc6 9. c3 d6 10. Qc2 h6 11. 0-0-0 a6 12. h4 Be7 13. Qe2 b5 14. g4 e5 15. Rdg1 exd4 16. g5 h5 17. Nxd4 Bg4 18. Rxg4 Nxd4 19. cxd4 hxg4 20. Qxg4 d5 21. g6 dxe4 22. Qh5 Bg5+ 1-0

[Event "Barcelona Tres Peons op-B 15th"]
[Site "Barcelona"]
[Date "2013.02.08"]
[Round "5"]
[White "Aparicio Escudero, Hector F"]
[Black "Buisan Arnau, Oriol"]
[Result "1-0"]
[WhiteElo "1715"]
[BlackElo "1679"]
[PlyCount "73"]
[EventDate "2013.01.11"]
[EventType "swiss"]
[EventRounds "9"]
[EventCountry "ESP"]
[SourceTitle "EXT 2014"]
[Source "ChessBase"]
[SourceDate "2013.11.20"]
[SourceVersion "1"]
[SourceVersionDate "2013.11.20"]
[SourceQuality "1"]

1. Nf3 d5 2. c4 e6 3. g3 c6 4. Bg2 Bd6 5. d4 Nf6 6. Nbd2 Nbd7 7. 0-0 0-0 8. Qc2 h6 9. c5 Bc7 10. b4 e5 11. dxe5 Nxe5 12. Nxe5 Bxe5 13. Bb2 Bxb2 14. Qxb2 Re8 15. e3 Bd7 16. a4 a6 17. Nf3 Qc7 18. Nd4 Reb8 19. Qc2 Qc8 20. a5 Bh3 21. Rfe1 Bxg2 22. Kxg2 Qd7 23. Qf5 Qxf5 24. Nxf5 Re8 25. Nd6 Re7 26. Rad1 Ne4 27. Nf5 Re6 28. f3 Nf6 29. Nd6 Re7 30. Kf2 g6 31. Re2 Ne8 32. e4 Nxd6 33. cxd6 Re6 34. e5 Rae8 35. f4 Kf8 36. g4 Kg7 37. f5 1-0

[Event "Barcelona Tres Peons op-B 15th"]
[Site "Barcelona"]
[Date "2013.01.18"]
[Round "2"]
[White "Buisan Arnau, Oriol"]
[Black "Jimenez Sanchez, Joan R"]
[Result "0-1"]
[WhiteElo "1679"]
[BlackElo "1820"]
[PlyCount "102"]
[EventDate "2013.01.11"]
[EventType "swiss"]
[EventRounds "9"]
[EventCountry "ESP"]
[SourceTitle "EXT 2014"]
[Source "ChessBase"]
[SourceDate "2013.11.20"]
[SourceVersion "1"]
[SourceVersionDate "2013.11.20"]
[SourceQuality "1"]

1. e4 e5 2. Nf3 Nc6 3. Bc4 Bc5 4. Nc3 d6 5. h3 Nf6 6. d3 h6 7. 0-0 0-0 8. Na4 Nd7 9. Nxc5 Nxc5 10. Be3 Ne6 11. c3 a6 12. Bb3 Na5 13. Bc2 c5 14. c4 b5 15. b3 Nc6 16. Qd2 Qe7 17. Rfe1 Bd7 18. Rac1 Ned4 19. Bxd4 cxd4 20. Qe2 f5 21. Nd2 f4 22. f3 Rf6 23. Qf2 Rg6 24. Kh1 Rg5 25. Nf1 Rh5 26. Nh2 Rf8 27. Rg1 Rh4 28. Bb1 h5 29. Bc2 g5 30. Bd1 Nb4 31. Qd2 Nc6 32. Qf2 Nd8 33. Be2 Nf7 34. g3 Rxh3 35. Bf1 Rxg3 36. Rxg3 fxg3 37. Qxg3 Kh7 38. Bh3 Bxh3 39. Qxh3 Kg6 40. Qf5+ Kg7 41. cxb5 axb5 42. Rc8 Rxc8 43. Qxc8 Qd8 44. Qa6 Qd7 45. a4 bxa4 46. bxa4 Nd8 47. a5 Qc7 48. Qb6 Qc1+ 49. Kg2 Qc2+ 50. Kg3 h4+ 51. Kh3 Ne6 0-1

[Event "Barcelona La Lira op-D 11th"]
[Site "Barcelona"]
[Date "2008.07.25"]
[Round "7.2"]
[White "Buisan Arnau, Oriol"]
[Black "Fernandez Macarron, Mariano"]
[Result "1-0"]
[WhiteElo "1751"]
[BlackElo "1760"]
[PlyCount "94"]
[EventDate "2008.07.19"]
[EventType "tourn"]
[EventRounds "9"]
[EventCountry "ESP"]
[SourceTitle "EXT 2024"]
[Source "ChessBase"]
[SourceDate "2023.10.10"]
[SourceVersion "1"]
[SourceVersionDate "2023.10.10"]
[SourceQuality "1"]

1. e4 c5 2. d4 cxd4 3. Nf3 Nc6 4. Nxd4 e5 5. Nf3 Nf6 6. Bd3 Bc5 7. Nc3 0-0 8. Bg5 Be7 9. Qd2 Re8 10. Nd5 d6 11. h3 Bf5 12. Nxe7+ Qxe7 13. 0-0-0 Be6 14. Bxf6 Qxf6 15. Qg5 Qxg5+ 16. Nxg5 Bd7 17. Bc4 Be6 18. Nxe6 fxe6 19. Rxd6 Nd8 20. Rhd1 Kh8 21. Bb5 Rf8 22. c3 a6 23. Bd7 b5 24. Bxe6 Nxe6 25. Rxe6 Rxf2 26. Rxa6 Raf8 27. Rd2 R2f4 28. Rb6 Rxe4 29. Rxb5 h6 30. Rbd5 Rf6 31. b4 Re3 32. Kc2 Rc6 33. R5d3 Re1 34. a4 e4 35. Rd8+ Kh7 36. b5 Re6 37. Rd1 Re2+ 38. R8d2 Re3 39. a5 Re5 40. b6 Rxa5 41. b7 Rb5 42. Rb1 Rxc3+ 43. Kxc3 Rxb1 44. Rb2 Rc1+ 45. Kd2 Rg1 46. b8Q Rxg2+ 47. Ke3 Rg3+ 1-0

[Event "Barcelona La Lira op-D 11th"]
[Site "Barcelona"]
[Date "2008.07.19"]
[Round "1.5"]
[White "Buisan Arnau, Oriol"]
[Black "Brutau Izquierdo, Oscar"]
[Result "1-0"]
[WhiteElo "1751"]
[BlackElo "1703"]
[PlyCount "57"]
[EventDate "2008.07.19"]
[EventType "tourn"]
[EventRounds "9"]
[EventCountry "ESP"]
[SourceTitle "EXT 2024"]
[Source "ChessBase"]
[SourceDate "2023.10.10"]
[SourceVersion "1"]
[SourceVersionDate "2023.10.10"]
[SourceQuality "1"]

1. e4 c5 2. d4 Nc6 3. Nf3 Nf6 4. d5 Nb4 5. a3 Na6 6. Bxa6 bxa6 7. Nc3 d6 8. h3 Bb7 9. 0-0 Qd7 10. Re1 e5 11. Nd2 g6 12. Nc4 Bg7 13. f4 Qe7 14. fxe5 dxe5 15. Bg5 0-0 16. Qf3 Qd8 17. Rf1 a5 18. Bxf6 Bxf6 19. Qxf6 Rb8 20. Qxd8 Rfxd8 21. Nxe5 Re8 22. Nd7 Ba6 23. Rfb1 f5 24. Nxb8 Rxb8 25. e5 Kf7 26. b4 Re8 27. e6+ Ke7 28. bxc5 Bc4 29. Rb7+ 1-0

[Event "Barcelona La Lira Spring op 1st"]
[Site "Barcelona"]
[Date "2008.05.15"]
[Round "6.18"]
[White "Robla Carreiras, Xavier"]
[Black "Buisan Arnau, Oriol"]
[Result "1/2-1/2"]
[WhiteElo "1774"]
[BlackElo "1809"]
[PlyCount "58"]
[EventDate "2008.04.03"]
[EventType "swiss"]
[EventRounds "8"]
[EventCountry "ESP"]
[SourceTitle "EXT 2024"]
[Source "ChessBase"]
[SourceDate "2023.10.10"]
[SourceVersion "1"]
[SourceVersionDate "2023.10.10"]
[SourceQuality "1"]

1. e4 e5 2. Bc4 Nc6 3. Nc3 Bc5 4. d3 Nf6 5. Bg5 h6 6. Bxf6 Qxf6 7. Qf3 Qxf3 8. Nxf3 d6 9. a3 Bb6 10. Nd5 Bg4 11. Nxb6 axb6 12. Nd2 Nd4 13. Bb3 0-0 14. 0-0 Kh7 15. h3 Nxb3 16. Nxb3 Be6 17. Nd2 f5 18. f3 f4 19. c3 Rad8 20. Rfd1 Rf6 21. d4 Rg6 22. Kf2 Bg8 23. Nf1 Re6 24. d5 Re7 25. c4 g5 26. g4 Kg6 27. Nd2 Kf6 28. Rh1 Rh7 29. h4 Kg6 1/2-1/2